Electrónica (Record no. 24448)

MARC details
000 -LEADER
campo de control de longitud fija 00569nam a2200169 i 4500
001 - NÚMERO DE CONTROL
campo de control 24448
003 - IDENTIFICADOR DE NÚMERO DE CONTROL
campo de control ES-MaACL
005 - FECHA Y HORA DE LA ÚLTIMA TRANSACCIÓN
campo de control 20230906153041.0
007 - CAMPO FIJO DE DESCRIPCIÓN FÍSICA--INFORMACIÓN GENERAL
campo de control de longitud fija t|
008 - DATOS DE LONGITUD FIJA--INFORMACIÓN GENERAL
campo de control de longitud fija 021217s1981 sp ||||1| spa d
100 1# - ENTRADA PRINCIPAL--NOMBRE DE PERSONA
Nombre de persona Andrés Puente, E.
9 (RLIN) 21616
245 10 - MENCIÓN DEL TÍTULO
Título Electrónica
Resto del título : (ingeniería industrial) /
Mención de responsabilidad, etc. preparada por E. Andrés Puente, P. Martínez Martínez.
260 ## - PUBLICACIÓN, DISTRIBUCIÓN, ETC.
Lugar de publicación, distribución, etc. [Madrid] :
Nombre del editor, distribuidor, etc. Universidad Nacional de Educación a Distancia,
Fecha de publicación, distribución, etc. [1981]
300 ## - DESCRIPCIÓN FÍSICA
Extensión 6 t. en 1 v. ;
Dimensiones 30 cm.
700 1# - ENTRADA AGREGADA--NOMBRE PERSONAL
Nombre de persona Martínez Martínez, P.
9 (RLIN) 78212
852 ## - LOCALIZACIÓN
Ubicación ES-MaACL
Número de control de estantería L-2715
Sublocalización o colección R.103662
Holdings
Estatus retirado Estado de pérdida Estado de daño No para préstamo Biblioteca de origen Biblioteca actual Ubicación en estantería Fecha de adquisición Fuente de adquisición Total de préstamos Signatura topográfica completa Código de barras Visto por última vez Precio de reemplazo Tipo de ítem Koha
        Biblioteca del Ateneo de Madrid Biblioteca del Ateneo de Madrid Depósito 2 17/01/2008     L-2715 1025208 23/02/2023 23/02/2023 Libro impreso